Prírodné katastrofy a ich dopad na relokáciu obyvateľstva a regionalnu geopolitiku diplomová práca
Salvato in:
| Autore principale: | |
|---|---|
| Ente Autore: | |
| Altri autori: | |
| Natura: | Libro |
| Lingua: | slovacco |
| Pubblicazione: |
Bratislava
2018
|
| Tags: |
Nessun Tag, puoi essere il primo ad aggiungerne!!
|
MARC
| LEADER | 00000nbm a2200000 4500 | ||
|---|---|---|---|
| 001 | 0244215 | ||
| 005 | 20181127081516.5 | ||
| 041 | 0 | |a slo | |
| 044 | |a SK | ||
| 245 | 1 | 0 | |a Prírodné katastrofy a ich dopad na relokáciu obyvateľstva a regionalnu geopolitiku |b diplomová práca |c Juraj Staroň ; školiteľ: Paula Puškárová |
| 264 | 1 | |a Bratislava |c 2018 | |
| 300 | |a 82 s. | ||
| 100 | 1 | |a Staroň, Juraj | |
| 700 | 1 | |a Puškárová, Paula, 1985- | |
| 710 | 2 | |a Národohospodárska fakulta EU. Katedra verejnej správy a regionálneho rozvoja | |